Ict- enabled teaching in english classrooms (Record no. 1397739)

MARC details
000 -LEADER
fixed length control field 00615nam a2200217Ia 4500
005 - DATE AND TIME OF LATEST TRANSACTION
control field 20250508165833.0
008 - FIXED-LENGTH DATA ELEMENTS--GENERAL INFORMATION
fixed length control field 008 250505s9999 xx 000 0 eng d
020 ## - INTERNATIONAL STANDARD BOOK NUMBER
International Standard Book Number 978-81-8457-782-2
037 ## - SOURCE OF ACQUISITION
Stock number Textual
040 ## - CATALOGING SOURCE
Original cataloging agency FEDL
Language of cataloging eng
Transcribing agency FEDL
041 ## - LANGUAGE CODE
Language code of text/sound track or separate title eng
Source of code eng
084 ## - COLON CLASSIFICATION NUMBER
Classification number 420.7, SIM
Assigning agency FEDL
100 ## - MAIN ENTRY--PERSONAL NAME
Personal name Simon Shibu
9 (RLIN) 611705
245 #0 - TITLE STATEMENT
Title Ict- enabled teaching in english classrooms
260 ## - PUBLICATION, DISTRIBUTION, ETC.
Place of publication, distribution, etc. New Delhi, India
Name of publisher, distributor, etc. Sarup Book Publishers
Date of publication, distribution, etc. 2017
300 ## - PHYSICAL DESCRIPTION
Extent xxii, 340p.
365 ## - TRADE PRICE
Price type code INR
Price amount 1400
700 ## - ADDED ENTRY--PERSONAL NAME
Personal name Viju M J
9 (RLIN) 782137
942 ## - ADDED ENTRY ELEMENTS (KOHA)
Koha item type Textual
Classification part 420.7, SIM
Holdings
Withdrawn status Lost status Damaged status Not for loan Home library Current library Date acquired Cost, normal purchase price Total Checkouts Full call number Barcode Date last seen Price effective from Koha item type
        Department of Education Library Department of Education Library 2025-05-08 1400.00   420.7, SIM EL0091398 2025-05-08 2025-05-08 Textual
Copyright @ Delhi University Library System